000 00666 a2200133 4500
003 Nust
005 20170207154020.0
040 _cNust
100 _aS.K.PARMAR, Cst
245 _aINFORMATION RESOURCE GUIDE Computer, Internet and Network Systems Security(E-Book)
_bAn Introduction to Security
_cS.K.PARMAR, Cst
300 _a325 P;
505 _aIntroduction(Page- 2) Security (Page- 16) Identification And Authentication (Page- 92) Risk Analysis(Page- 108) Firewalls (Page- 130) Cryptography(Page- 167) Malicious Code (Page- 182) Virtual Private Networks: Introduction(Page- 202) Windows Nt Network Security(Page- 215) Unix Incident Guide (Page- 234)
651 _a(E-Book)
942 _2ddc
_cBK
999 _c191630
_d191630